000 01143nam a22003617a 4500
001 BR0501503
003 BR-BrBNA
005 20230928101853.0
007 ta
008 230509b bl.||||| |||| 00| 0 por d
040 _aBR-BrBNA
_bpor
_cBiblioteca Nacional de Agricultura
041 _a(Por)
072 _aP33; F61
_b0150
_b9205
_b3820
_b3830
_b3810
090 _ 0150 BR0501503
100 1 _aMedeiros, R.D. de
110 1 _aUniversidade Federal de Lavras, MG (Brasil)
_0Tese (Doutorado)
245 1 _aEfeitos da compactação do solo e da umidade sobre a absorção de N, P, K, os componentes de produção e a produtividade de grãos de arroz
260 3 _aLavras, MG (Brasil):
_c2004.
300 _a162 p.
500 _aSummaries (Eng, Por); Bibliography p. 141-162; 28 tables; 25 illus.
650 _aARROZ
650 _aGRÃO
650 _aCOMPACTAÇÃO DO SOLO
650 _aPLANTIO DIRETO
650 _aIRRIGAÇÃO
650 _aUMIDADE
650 _aNPK
650 _aABSORÇÃO DE NUTRIENTES
650 _aPARTE AÉREA
650 _aMODELO MATEMÁTICO
909 _a202309
_bLucia
_c55
_dLucia Elande
942 _cBK
999 _c67984
_d67984